Statistics for Countries with Less Olympic Gold Medals than their neighbours

Click here to take the quiz!

General Stats

  • This quiz has been taken 40 times
  • The average score is 10 of 16

Answer Stats

G S BANSWER% Correct
121 155 173 Canada
87%
9 8 11 Ireland
79%
14 13 22 North Korea
79%
4 8 11 Portugal
77%
143 146 174 Finland
74%
43 69 68 Denmark
72%
1 3 0 Luxembourg
67%
2 2 5 Liechtenstein
59%
2 9 13 Mongolia
56%
1 0 2 Panama
56%
6 10 18 Slovenia
56%
1 1 0 Ecuador
54%
2 2 6 Uruguay
51%
3 15 8 Latvia
49%
9 11 9 Slovakia
46%
1 2 9 Armenia
41%

Score Distribution

Percentile by Number Answered

Percent of People with Each Score

Your Score History

You have not taken this quiz